Regionálne disparity vo vzdelaní a ich význam pre boj s chudobou

Príspevok sa zaoberá problematikou regionálnych rozdielov vo vzdelanostnej úrovni obyvateľstva na Slovensku a ich súvislosťou s mierou rizika chudoby. Cieľom je analyzovať potenciálny vplyv vzdelanostnej štruktúry na úroveň chudoby v jednotlivých krajoch na Slovensku. Vzhľadom na absenciu verejne do...

Descrizione completa

Salvato in:
Dettagli Bibliografici
Autore principale: Maťašová, Jana, 1999-
Natura: Capitolo di libro
Lingua:slovacco
Soggetti:
Tags: Aggiungi Tag
Nessun Tag, puoi essere il primo ad aggiungerne!!

MARC

LEADER 00000naa$a2200000$$$4500
001 0311574
005 20250715125654.9
041 0 |a slo 
044 |a SK 
245 1 0 |a Regionálne disparity vo vzdelaní a ich význam pre boj s chudobou 
520 |a Príspevok sa zaoberá problematikou regionálnych rozdielov vo vzdelanostnej úrovni obyvateľstva na Slovensku a ich súvislosťou s mierou rizika chudoby. Cieľom je analyzovať potenciálny vplyv vzdelanostnej štruktúry na úroveň chudoby v jednotlivých krajoch na Slovensku. Vzhľadom na absenciu verejne dostupných dát o riziku chudoby podľa vzdelania na úrovni krajov, boli pre účely analýzy vytvorené modelované hodnoty, ktoré zohľadňujú logické a odborné predpoklady o vzťahu medzi vzdelaním a chudobou. Výsledky poukazujú na význam vzdelania ako jedného z určujúcich faktorov pri formovaní efektívnych stratégií sociálnej inklúzie a znižovania chudoby na regionálnej úrovni. 
610 2 0 |a regióny 
610 2 0 |a vzdelávanie 
610 2 0 |a chudoba 
610 2 0 |a integrácia 
610 2 0 |a riziko 
100 1 |a Maťašová, Jana, 1999-